000 00742nam a2200229Ia 4500
001 9267
003 GE_BSU
008 181216s||||||||xx |||||||||||||| ||und||
040 _cGE_BSU
080 _a821.353.1-31
100 _aლორთქიფანიძე,კონსტანტინე
245 _aრჩეული ნაწერები:ორ ტომად
245 _bტ.1
245 _cრედ:შ.სულაბერიძე;მხატვ:ი.გურო
260 _aთბილისი.
260 _bსახელგამი
260 _c1955
300 _a380გვ;21სმ
300 _b1ფ.პორტ.ილ.
653 _aრჩეული ნაწერები
942 _cBK
999 _c42568
_d42568